Online marketing strategies for travel agencies
Úlohy online marketingu a jeho výhody v porovnaní s tradičným marketingom. Koniec tzv. "obťažujúceho" marketingu. Optimalizácia vyhľadávacích nástrojov. Online marketing v sociálnych médiách a na sociálnych sieťach.
Salvato in:
| Autore principale: | |
|---|---|
| Natura: | Capitolo di libro |
| Lingua: | inglese |
| Soggetti: | |
| Tags: |
Nessun Tag, puoi essere il primo ad aggiungerne!!
|
MARC
| LEADER | 00000naa a2200000 4500 | ||
|---|---|---|---|
| 001 | 0148877 | ||
| 005 | 20240502072659.1 | ||
| 041 | 0 | |a eng | |
| 044 | |a SK | ||
| 245 | 1 | 0 | |a Online marketing strategies for travel agencies |c Martin Volek |
| 520 | |a Úlohy online marketingu a jeho výhody v porovnaní s tradičným marketingom. Koniec tzv. "obťažujúceho" marketingu. Optimalizácia vyhľadávacích nástrojov. Online marketing v sociálnych médiách a na sociálnych sieťach. | ||
| 610 | 2 | 0 | |a marketing |
| 610 | 2 | 0 | |a siete sociálne |
| 610 | 2 | 0 | |a médiá |
| 610 | 2 | 0 | |a technológie informačné |
| 610 | 2 | 0 | |a technológie komunikačné |
| 610 | 2 | 0 | |a internet |
| 610 | 2 | 0 | |a agentúry cestovné |
| 610 | 2 | 0 | |a ruch cestovný |
| 100 | 1 | |a Volek, Martin | |